| 000 | 00801nam a2200241Ia 4500 | ||
|---|---|---|---|
| 001 | Z_5934 | ||
| 003 | CHAP | ||
| 008 | 220113s9999 xx 000 0 und d | ||
| 010 | _a169142 | ||
| 040 | _cCHAP | ||
| 082 | _a636.9322 C6 1998 | ||
| 100 |
_aCongreso de cunicultura de las américas (1:1998:Montecillos,Edo. de México) _9143497 |
||
| 245 |
_aMemorias / _cpor la Asociacion Científica Mundial de Cunicultura. |
||
| 260 |
_aMontecillo,Méx. : _bLa Asociación,1998, _c |
||
| 300 | _a239 p. | ||
| 650 |
_aCunicultura _xCongresos I. Asociación Científica Mundial de Cunicultura II.C.P. Instituto de Recursos Genéticos y Productividad Especialidad de Ganadería _9140366 |
||
| 901 | _a636.9322 C6 1998 | ||
| 902 | _aM | ||
| 910 | _a | ||
| 942 | _c1 | ||
| 942 | _cc1 | ||
| 999 |
_c169142 _d169142 |
||